|
|
|
|
| LEADER |
00000nam a2200000 a 4500 |
| 001 |
vtls001358676 |
| 003 |
SK-MaSNL |
| 005 |
20260224111205.0 |
| 008 |
990324s1997 xx 0 und |
| 035 |
|
|
|a SNK000312204
|
| 040 |
|
|
|a SNK
|b slo
|c SNK
|e AACR2
|
| 245 |
1 |
|
|a Tina , Roč.6 , č.1-27 , 1997
|
| 260 |
|
|
|a Praha
|b Europress
|c 1997
|
| 999 |
|
|
|c 978749
|d 980679
|
| 952 |
|
|
|a SNK
|b SNK
|y PREZ
|7 0
|p 17A0186321
|o snkČSB 4255/6/1997/1 D1
|0 0
|1 0
|4 0
|d 1999-03-24
|l 0
|r 2005-01-02 00:00:00
|w 2026-02-24
|
| 952 |
|
|
|a SNK
|b SNK
|y PREZ
|7 0
|p 17A0193587
|o snkČSB 4255/6/1997/1
|0 0
|1 0
|4 0
|d 1999-05-10
|l 0
|r 2005-01-02 00:00:00
|w 2026-02-24
|